| 000 | 00524nam a2200181Ia 4500 | ||
|---|---|---|---|
| 005 | 20250508161754.0 | ||
| 008 | 008 250505s9999 xx 000 0 eng d | ||
| 037 | _aTextual | ||
| 040 |
_aFEDL _beng _cFEDL |
||
| 041 |
_aeng _2eng |
||
| 084 |
_a973.3, NYE _qFEDL |
||
| 100 | _aNye Russel blaine | ||
| 245 | 0 | _aCultural life of the new nation 1776-1830 | |
| 260 |
_aBombay, India _bAllied Publishers Private Limited _c1960 |
||
| 300 | _axii,324p | ||
| 942 |
_cTEXL _h973.3, NYE |
||
| 999 |
_c1372093 _d1372093 |
||